[Event "JUG Team Ch"]
[Site "Cetinje"]
[Date "1993.??.??"]
[Round "7"]
[White "Malaniuk, Vladimir P"]
[Black "Nevednichy, Vladislav"]
[Result "1/2-1/2"]
[WhiteElo "2600"]
[BlackElo "2495"]
[PlyCount "120"]
[EventDate "1993.??.??"]
[Source "www.chesslib.no"]
[SourceDate "2004.05.04"]

1. d4 Nf6 2. Nf3 g6 3. Bg5 Bg7 4. c3 O-O 5. Nbd2 d6 6. e4 c5 7. dxc5 dxc5 8. Be2 Nc6 9. O-O Qc7 10. Qc2 b6 11. Rfe1 h6 12. Bh4 Nh5 13. Nc4 g5 14. Bg3 Nxg3 15. hxg3 b5 16. Ne3 Rb8 17. Nd5 Qb7 18. Nd2 c4 19. f4 e6 20. Ne3 Qb6 21. Bf3 f5 22. exf5 exf5 23. Bd5+ Kh8 24. Nf3 Ne7 25. Rad1 Nxd5 26. Rxd5 Bb7 27. Rxf5 Rxf5 28. Qxf5 Rf8 29. Qg4 Bc8 30. Qh5 gxf4 31. gxf4 Rxf4 32. Nd4 Re4 33. Qf3 Re5 34. Re2 Qc5 35. Rf2 a6 36. Ndf5 Bxf5 37. Nxf5 Re8 38. Kh2 Qe5+ 39. g3 Qe4 40. Qxe4 Rxe4 41. Rd2 Be5 42. Kg2 Kh7 43. Kf3 Re1 44. Ne3 Bf6 45. Rd7+ Kg8 46. Rd6 Bg5 47. Nd5 Rb1 48. Rxa6 Rxb2 49. Ra5 Kf7 50. a4 bxa4 51. Rxa4 Rb5 52. Ke4 Rc5 53. Ra7+ Kg6 54. Kd4 Rc6 55. Ne7+ Bxe7 56. Rxe7 Kf5 57. Rg7 h5 58. Kd5 Rc8 59. Rh7 Kg4 60. Rg7+ Kf5 1/2-1/2

[Event "Elista ol (Men)"]
[Site "Elista"]
[Date "1998.10.07"]
[Round "9"]
[White "Ehlvest, Jaan"]
[Black "Forster, Richard"]
[Result "1/2-1/2"]
[WhiteElo "2620"]
[BlackElo "2475"]
[PlyCount "107"]
[EventDate "1998.09.29"]
[Source "ChessBase"]
[SourceDate "1998.11.06"]

1. d4 Nf6 2. Nf3 g6 3. Bg5 Bg7 4. e3 O-O 5. Be2 d6 6. O-O Nbd7 7. Nbd2 b6 8. a4 a5 9. c3 Bb7 10. Bb5 h6 11. Bh4 g5 12. Bg3 Nh5 13. e4 e6 14. Re1 Ndf6 15. Qe2 Kh8 16. Rad1 Ng8 17. e5 g4 18. Nh4 Nxg3 19. hxg3 dxe5 20. dxe5 Qg5 21. Ne4 Qxe5 22. Qxg4 Bxe4 23. Rxe4 Qg5 24. Qxg5 hxg5 25. Nf3 Nf6 26. Red4 Nd5 27. Rg4 Nf6 28. Rgd4 Nd5 29. Rc4 c5 30. Nxg5 Rad8 31. Re4 Bf6 32. Nf3 Nc7 33. Rde1 Nxb5 34. axb5 Rd5 35. R1e2 Ra8 36. Nd2 a4 37. Nc4 a3 38. bxa3 Bxc3 39. g4 Rd1+ 40. Kh2 Kg7 41. g3 Rb1 42. Nxb6 Rxa3 43. Nc4 Ra4 44. Nd6 Rd4 45. Ne8+ Kf8 46. Nf6 Rxb5 47. R4e3 Rd2 48. Rxd2 Bxd2 49. Rd3 Rb2 50. Nd7+ Kg7 51. Nxc5 Be1 52. Rf3 Rxf2+ 53. Rxf2 Bxf2 54. Ne4 1/2-1/2